[Event "POL-chT3 0607"]
[Site "Poland"]
[Date "2007.02.04"]
[Round "7.7"]
[White "Krainski, Jaroslaw"]
[Black "Maslowski, Tomasz"]
[Result "1/2-1/2"]
[WhiteElo "2066"]
[BlackElo "2288"]
[PlyCount "66"]
[EventDate "2006.11.12"]
[EventType "team"]
[EventRounds "11"]
[EventCountry "POL"]
[SourceTitle "EXT 2009"]
[Source "ChessBase"]
[SourceDate "2008.11.26"]
[SourceVersion "1"]
[SourceVersionDate "2008.11.26"]
[SourceQuality "1"]

1. e4 c5 2. Nf3 Nc6 3. d4 cxd4 4. Nxd4 Nf6 5. Nc3 e6 6. Ndb5 Bb4 7. a3 Bxc3+ 8. Nxc3 d5 9. exd5 exd5 10. Bd3 d4 11. Ne2 0-0 12. 0-0 Bg4 13. f3 Bh5 14. Bg5 Qd6 15. Nf4 Bg6 16. Nxg6 hxg6 17. Qd2 Rfe8 18. Rfe1 Nd5 19. Rxe8+ Rxe8 20. Re1 Re5 21. Bh4 Rxe1+ 22. Bxe1 Qe5 23. Bg3 Qe7 24. Be4 Ne3 25. Bxc6 bxc6 26. Qxd4 Nxc2 27. Qd3 Ne3 28. Bf2 Nd5 29. Qc4 Qd7 30. Qd4 a6 31. Qa7 Qf5 32. Qb8+ Kh7 33. h3 g5 1/2-1/2

[Event "POL-chT3 0607"]
[Site "Poland"]
[Date "2007.01.14"]
[Round "5.1"]
[White "Maslowski, Tomasz"]
[Black "Dybowski, Rafael"]
[Result "1-0"]
[WhiteElo "2288"]
[BlackElo "1983"]
[PlyCount "73"]
[EventDate "2006.11.12"]
[EventType "team"]
[EventRounds "11"]
[EventCountry "POL"]
[SourceTitle "EXT 2009"]
[Source "ChessBase"]
[SourceDate "2008.11.26"]
[SourceVersion "1"]
[SourceVersionDate "2008.11.26"]
[SourceQuality "1"]

1. e4 c5 2. Nf3 a6 3. c3 d6 4. d4 Nd7 5. Bd3 e5 6. 0-0 Ngf6 7. Na3 b5 8. Re1 Be7 9. Nc2 0-0 10. Ne3 Re8 11. a4 Rb8 12. Qe2 Qb6 13. Nf5 Bf8 14. d5 c4 15. Bc2 Nc5 16. axb5 Bxf5 17. exf5 axb5 18. Ng5 h6 19. Ne4 Ncxe4 20. Bxe4 Nxe4 21. Qxe4 Ra8 22. Rb1 f6 23. h3 Rec8 24. Be3 Qb7 25. b3 cxb3 26. Rxb3 Qa6 27. Reb1 Qa4 28. Rb4 Qa2 29. Rxb5 Rxc3 30. Qg4 Kh8 31. Qg6 Rc7 32. Kh2 Rac8 33. R1b4 Rc4 34. Rb8 Qa5 35. Rxc4 Rxb8 36. Qf7 Qd8 37. Bxh6 1-0

[Event "POL-chT3 0607"]
[Site "Poland"]
[Date "2006.12.10"]
[Round "4.31"]
[White "Tarkowski, Michal"]
[Black "Maslowski, Tomasz"]
[Result "1-0"]
[WhiteElo "1990"]
[BlackElo "2288"]
[PlyCount "131"]
[EventDate "2006.11.12"]
[EventType "team"]
[EventRounds "11"]
[EventCountry "POL"]
[SourceTitle "EXT 2009"]
[Source "ChessBase"]
[SourceDate "2008.11.26"]
[SourceVersion "1"]
[SourceVersionDate "2008.11.26"]
[SourceQuality "1"]

1. d4 g6 2. c4 Bg7 3. Nc3 Nf6 4. Nf3 0-0 5. Bg5 c5 6. e3 cxd4 7. Nxd4 Qa5 8. Bh4 Ne4 9. Qc2 Nxc3 10. Qxc3 Qxc3+ 11. bxc3 Nc6 12. Be2 a6 13. 0-0 Re8 14. Rab1 Na5 15. c5 Nc6 16. Bg3 e5 17. Nb3 Rb8 18. Nd2 d5 19. cxd6 Rd8 20. Bf3 Bf5 21. Ne4 g5 22. h3 h5 23. Nxg5 Bxb1 24. Rxb1 Rxd6 25. Bxh5 f6 26. Ne4 Rd7 27. Bg4 Re7 28. Bh4 Rf8 29. Bf5 Na5 30. Rb6 Nc6 31. Nc5 Na5 32. Nd7 Nc4 33. Rb4 Nd6 34. Nxf8 Nxf5 35. Ng6 Rc7 36. g4 Nd6 37. Bg3 Rxc3 38. Rb6 Ne4 39. Ne7+ Kf8 40. Nf5 Rc7 41. Bh4 Kf7 42. Nd6+ Nxd6 43. Rxd6 Rc2 44. Rd7+ Kg6 45. Rxb7 Rxa2 46. Rb6 Kf7 47. Kg2 a5 48. Kf3 a4 49. Ke4 a3 50. Kf5 Rb2 51. Ra6 a2 52. Ra7+ Ke8 53. Kg6 Bf8 54. Bxf6 Rxf2 55. Bxe5 Bc5 56. Ra8+ Kd7 57. Bf4 Kc6 58. h4 Kb5 59. h5 Bb6 60. h6 Rxf4 61. exf4 Ba5 62. h7 a1Q 63. h8Q Qb1+ 64. Kg5 Bb6 65. Qe8+ Kc5 66. Qf8+ 1-0

[Event "Torun-Bydgoszcz"]
[Site "Torun"]
[Date "1999.12.12"]
[Round "1"]
[White "Wiese Jozwiak, Malgorzata"]
[Black "Maslowski, Tomasz"]
[Result "0-1"]
[WhiteElo "2205"]
[BlackElo "2280"]
[PlyCount "54"]
[EventDate "1999.12.12"]
[EventType "team-match"]
[EventRounds "1"]
[EventCountry "POL"]
[SourceTitle "EXT 2018"]
[Source "ChessBase"]
[SourceDate "2017.10.13"]
[SourceVersion "1"]
[SourceVersionDate "2017.10.13"]
[SourceQuality "1"]

1. e4 c5 2. Nf3 Nc6 3. d4 cxd4 4. Nxd4 Nf6 5. Nc3 d6 6. Bg5 Bd7 7. Qd2 Rc8 8. 0-0-0 Nxd4 9. Qxd4 Qa5 10. f4 Rxc3 11. Bxf6 Rc7 12. Bh4 Qxa2 13. Bd3 e5 14. Qd5 Qa1+ 15. Kd2 Qxb2 16. Rb1 Qc3+ 17. Ke2 Be7 18. Bxe7 Kxe7 19. Rxb7 Bg4+ 20. Kf2 Qd2+ 21. Kf1 Qxf4+ 22. Ke1 Qe3+ 23. Kf1 Rxb7 24. Qxb7+ Kf6 25. Rg1 Rc8 26. Qa6 Qd4 27. h3 Be6 0-1